00841nam a2200229 a 450000100100000000500170001000800410002702000140006804000250008208200180010710000250012524000650015024501360021526000390035130000210039065000520041165000340046365000380049770000290053570000190056470000280058300000280120200929150246.0791001s1984 ag b 001 0 spa  z950050338 aDO-SdBNPbspacBNPHU a333.79bC421r1 aCeselski, Elizabeth.10aHousehold energy and the poor in the third world.lEspañol14aLos recursos de la pobreza en el tercer mundo /cElizabeth Ceselski, Joy Dunkerley y William Ramsay; traductor, Martínez Alinari. aBuenos Aires :bCorregidor,c1984. a162 p. ;c20 cm. 4aPolítica energéticazPaíses En Desarrollo 4aPobrezPaíses En Desarrollo 4aViviendaszPaíses En Desarrollo1 aMartínez Alinari,etr.1 aDunkerley, Joy1 aRamsay, William,d1930-